Zoila Rico y Rico Villademoros (Record no. 84537)

MARC details
000 -LEADER
campo de control de longitud fija 01552nkm a2200277za 4500
001 - NÚMERO DE CONTROL
campo de control 84537
003 - IDENTIFICADOR DE NÚMERO DE CONTROL
campo de control OSt
005 - FECHA Y HORA DE LA ÚLTIMA TRANSACCIÓN
campo de control 20260421095850.0
007 - CAMPO FIJO DE DESCRIPCIÓN FÍSICA--INFORMACIÓN GENERAL
campo de control de longitud fija kh boc
008 - DATOS DE LONGITUD FIJA--INFORMACIÓN GENERAL
campo de control de longitud fija 250410s19021933sp ||||| ||||||0| i|spa d
040 ## - FUENTE DE CATALOGACIÓN
Centro/agencia transcriptor M-RABA
Centro catalogador/agencia de origen M-RABA
Lengua de catalogación spa
100 ## - ENTRADA PRINCIPAL--NOMBRE DE PERSONA
Nombre de persona Gómez Rodríguez, Enrique
Fechas asociadas al nombre (1867-1934)
9 (RLIN) 111179
245 1# - MENCIÓN DEL TÍTULO
Título Zoila Rico y Rico Villademoros
Resto del título : Candanedo. Asturias
Mención de responsabilidad, etc. / Enrique Gómez Rodríguez
Medio [Material gráfico]
260 ## - PUBLICACIÓN, DISTRIBUCIÓN, ETC.
Lugar de publicación, distribución, etc. E. Gómez
Nombre del editor, distribuidor, etc. : Plazuela de los Molinos, 6. Luarca
-- : Glorieta de Bilbao, 5. Madrid
Fecha de publicación, distribución, etc. [1902 – 1933]
300 ## - DESCRIPCIÓN FÍSICA
Extensión 1 fotografía
Otras características físicas : papel albúmina
Dimensiones ; imagen 16,5 x 12,5 cm
-- ; soporte secundario 29 x 22,5 cm
500 ## - NOTA GENERAL
Nota general Imagen que muestra detalle de relieves en Cadanedo, Asturias
500 ## - NOTA GENERAL
Nota general Montada sobre cartón ilustrado con motivos vegetales de estilo modernista, coloreados y con aplicaciones en dorado.<br/><br/>
500 ## - NOTA GENERAL
Nota general En la parte inferior aparece el sello estampado en dorado del fotógrafo "Plazuela de los Molinos, 6. Luarca. Glorieta de Bilbao, 5. Madrid. E. Gómez"
500 ## - NOTA GENERAL
Nota general Anotaciones manuscritas a tinta negra sobre el soporte secundario de cartón: "Zoila Rico y Rico. Villademoros"
500 ## - NOTA GENERAL
Nota general Fechas tomadas de los años de producción del fotógrafo.
651 #7 - PUNTO DE ACCESO ADICIONAL DE MATERIA--NOMBRE GEOGRÁFICO
Nombre geográfico Asturias (Comunidad Autónoma)
Fuente del encabezamiento o término embne
9 (RLIN) 74739
655 #0 - TERMINO DE INDIZACIÓN--GENERO/FORMA
Datos o término principal de género/forma Fotografías de monumentos
9 (RLIN) 111580
852 ## - LOCALIZACIÓN
Número de control de estantería Fot-593
856 ## - LOCALIZACIÓN Y ACCESO ELECTRÓNICOS
Materiales especificados Fot-593
Identificador Uniforme de Recurso <a href="https://archivoybiblioteca.realacademiabellasartessanfernando.com/cgi-bin/koha/opac-retrieve-file.pl?id=57b537c79391a1c90de54b330d4a75b0">https://archivoybiblioteca.realacademiabellasartessanfernando.com/cgi-bin/koha/opac-retrieve-file.pl?id=57b537c79391a1c90de54b330d4a75b0</a>
942 ## - ELEMENTOS DE ENTRADA SECUNDARIOS (KOHA)
Fuente de la clasificación o esquema de estantería Clasificación Decimal Dewey
Tipo de ítem Koha Fotografías
Suprimir en OPAC No
Holdings
Estatus retirado Estado de pérdida Fuente de la clasificación o esquema de estantería Estado de daño No para préstamo Colección Biblioteca de origen Biblioteca actual Ubicación en estantería Fecha de adquisición Total de préstamos Signatura topográfica completa Código de barras Visto por última vez Precio de reemplazo Tipo de ítem Koha
    Clasificación Decimal Dewey     Fotografía Real Academia de la Bellas Artes de San Fernando Real Academia de la Bellas Artes de San Fernando Depósito 2 23/04/2025   Fot-593 1095417 23/04/2025 23/04/2025 Fotografías

Powered by Koha